000 01111nam a22003617a 4500
001 0006796
003 KOHA_MİRAKIL
005 20260207001534.0
007 ta
008 090806b1996 tu |||gr||||#0|||0|tur |
020 _a9754560137
040 _aTR-BiSEU
_btur
_cTR-BiSEU
_erda
041 0 _atur
044 _ctu
050 _aDR434
_b.R37 1996
100 1 _aRásonyi, László.
245 1 _aTarihte Türklük/
_cLászló Rásonyi ; László Rásonyi.
264 1 _aAnkara :
_bTürk Kültürünü Araştırma Enstitüsü
_c1996
300 _aVII, 420 sayfa
336 _ametin
_btxt
_2rdacontent
337 _aaracısız
_bn
_2rdamedia
338 _acilt
_bnc
_2rdacarrier
490 1 _aTürk Kültürünü Araştırma Enstitüsü yayınları ;152.
490 1 _a Seri III-Sayı: A38.
500 _aDizin var.
650 0 _aTurks.
_93668
650 0 _aEthnology--Turkey.
_910938
650 0 _aTurkey--History.
_95455
830 1 _aTürk Kültürünü Araştırma Enstitüsü yayınları ;152.
_916807
830 1 _a Seri III-Sayı: A38.
_916808
907 _aTarih
942 _2lcc
_cBK
999 _c6777
_d6777